Aktívna forma výučby predmetu Marketing - manažment na PHF v Košiciach, EU Bratislava

Na minha lista:
Detalhes bibliográficos
Autor principal: Lieskovská, Vanda, 1961-
Formato: Capítulo de Livro
Idioma:eslovaco
Tags: Adicionar Tag
Sem tags, seja o primeiro a adicionar uma tag!

MARC

LEADER 00000naa$a2200000$$$4500
001 0098185
005 20240502072102.6
041 0 |a slo 
044 |a SK 
245 1 0 |a Aktívna forma výučby predmetu Marketing - manažment na PHF v Košiciach, EU Bratislava  |c Vanda Lieskovská 
100 1 |a Lieskovská, Vanda, 1961-